L'Espagne en 10 dates - Statistiques

Statistiques générales
  • Ce quiz a été pris 24 fois
  • Le résultat moyen est 6 sur 10
Statistiques - réponses
Indice Réponses % Correct
En quelles années ont eu lieu la guerre civile espagnole ? 1936-1939
87%
En quelle année a eu lieu la mort de Franco, marquant un tournant démocratique pour le pays ? 1975
87%
En quelle année la Reconquista prit fin, marquant la christianisation du pays ? 1492
78%
En quelle année a eu lieu l'attentat de Madrid causant la mort de 191 personnes ? 2004
70%
En quelle année l'Espagne a-t-elle remportée la Coupe du monde de Football ? 2010
70%
En quelle année les musulmans prirent le contrôle de l'Espagne ? 711
48%
En quelle année a commencé la conquête du Mexique par Hernan Cortes ? 1521
43%
En quelle année eu lieu le Traité des Pyrénées entre la France et le Portugal ? 1659
30%
En quelle année le Mexique prit son indépendance par rapport à l'Espagne ? 1821
30%
En quelle année Cervantes publia-t-il son ouvrage Don Quichotte ? 1605
22%
Aucun quiz correspondant
Distribution des résultats
% des personnes avec chaque résultat
Percentile par nombre de réponses
Votre historique - résultats
Vous n’avez pas pris ce quiz